<A> Dictionary of Books Relating to America from its Discovery to the Present Time

Salvato in:
Dettagli Bibliografici
Natura: Libro
Lingua:inglese
Pubblicazione: New York Mini-Print Corp. [1980]
Edizione:1. ed.
Soggetti:
Tags: Aggiungi Tag
Nessun Tag, puoi essere il primo ad aggiungerne!!

MARC

LEADER 00000nam a2200000 4500
001 c018849
005 20230110081353.8
041 0 |a eng 
044 |a US 
245 1 0 |a <A> Dictionary of Books Relating to America from its Discovery to the Present Time 
250 |a 1. ed. 
264 1 |a New York  |b Mini-Print Corp.  |c [1980] 
300 |a [1500] s. 
610 2 0 |a bibliografia 
610 2 0 |a knihy 
610 2 0 |a Amerika